Formuła 1: Tory cz.3 - Statystyki

Ogólne statystyki
  • Ten quiz został rozwiązany 605 razy
  • Średni wynik to 8 z 20
Statystyki odpowiedzi
Obrazkowy Odpowiedź % Poprawnych
Marina Bay
86%
Suzuka
86%
Yas Marina
71%
Albert Park
69%
Gilles Villeneuve
69%
Sochi
62%
Sepang
61%
Algarve
50%
Paul Ricard
50%
Mugello
36%
Jerez
24%
Fuji
23%
Kyalami
20%
Magny-Cours
19%
Estoril
17%
Adelaide
13%
Detroit
12%
Anderstorp
8%
Dijon
8%
Nelson Piquet
4%
Nie znaleziono quizów pasujących do podanych kryteriów
Rozkład punktacji
Procent ludzi z każdym wynikiem
Percentyl według liczby udzielonych odpowiedzi
Twoja historia wyników
Nie rozwiązałeś tego quizu